000 01294nam a2200313 a 4500
001 000004826
005 20240528191003.0
008 090727s2002 dr 000 0 spa d
020 _a9993425168
040 _aDO-SdBNP
_bspa
_cBNPHU
082 _a361.763
_bC392c
100 1 _aCela, Jorge
_97887
245 1 0 _aClasificación de las organizaciones de la sociedad civil (OSC) en la República Dominicana :
_bdescripción de sus características /
_cJorge Cela, Isabel Pedrazuela ; cuidado de edición Guadalupe Valdez.
260 _aSanto Domingo :
_bINTEC : BID,
_c2002.
300 _a60 p. ;
_c28 cm.
490 1 _aSociedad Civil
490 1 _aDocumentos de Trabajo
_v1
500 _aIncluye datos biográficos de los autores en la solapa
500 _aIncluye referencias bibliográficas y notas al pie de las páginas
504 _aBibliografías: p. 49-55
650 4 _aSociedad civil
_zRepública Dominicana
_914011
650 4 _aParticipación política
_zRepública Dominicana
_914012
700 1 _aPedrazuela, Isabel
_914013
700 1 _aValdez, Guadalupe,
_ecuidado ed.
_914014
710 2 _aBanco Interamericano de Desarrollo
_99655
710 2 _aInstituto Tecnológico de Santo Domingo
_978911
830 0 _aSociedad Civil
_914016
830 0 _aDocumentos de Trabajo
_n1
_914017
999 _c4632
_d4632